Deutsche Politiker - Statistiken

Allgemein
  • Dieses Quiz wurde 139 mal gespielt
  • Das Durchschnittsergebnis liegt bei 21 aus 36
Antwortstatistiken
Bildquiz Antwort % Korrekt
Friedrich Merz
100%
Olaf Scholz
100%
Alice Weidel
97%
Angela Merkel
96%
Robert Habeck
95%
Christian Lindner
94%
Markus Söder
92%
Sarah Wagenknecht
91%
Annalena Baerbock
87%
Frank-Walter Steinmeier
86%
Gregor Gysi
79%
Karl Lauterbach
79%
Björn Höcke
78%
Boris Pistorius
76%
Lars Klingbeil
71%
Heidi Reichinnek
70%
Tino Chrupalla
68%
Julia Klöckner
66%
Alexander Gauland
60%
Bärbel Bas
59%
Wolfgang Kubicki
59%
Maximilian Krah
54%
Beatrix von Storch
50%
Johann Wadephul
49%
Alexander Dobrindt
45%
Hubert Aiwanger
43%
Hubertus Heil
39%
Nancy Faeser
36%
Thorsten Frei
30%
Stephan Brandner
23%
Bernd Baumann
22%
Alexander Hoffmann
8%
Irene Mihalic
3%
Johannes Fechner
3%
Karamba Diaby
3%
Florian Oßner
1%
Keine übereinstimmenden Quizze gefunden
Verteilung der Resultate
Anzahl Personen mit jedem Resultat
Perzentil nach korrekt beantworteten Fragen
Ihre Resultats-Entwicklung
Sie haben dieses Quiz noch nicht gespielt